00495nam a2200181 a 45000010005000000030009000050080041000140400028000550820015000831000040000982450049001382500007001872600053001943000010002476500027002579420012002849990017002965690CO-ViMGA141112s2004 ck r 000 u spa d aCO-ViMGAbspacCO-ViMGA04a863.3 C1531 aCalderón de la Barca, Pedro9517210aLa vida es sueño : bel alcalde de Zalamea a2a aSantafé de Bogotá : bPanAméricana, c1997 a297 p14aTEATRO ESPAÑOL94019 2ddccBK c17671d17671